Регионална библиотека "Любен Каравелов" - Русе

Юбилейна художествена изложба (Запис номер 448279)

MARC детайли
000 -Лидер
Контролно поле с фиксирана дължина 01139nam a2200301 a 4500
003 - Код на организацията, давaща контролен номер
Контролно поле BLK
005 - Дата и час на последна редакция
Контролно поле 20230628122453.0
008 - Елементи от данни с фиксирана дължина
fixed length control field 220310b bul|||||r ||||||| ||bul||
040 ## - Източник на каталожния запис
Идентификатор на билиотеката - собственик на записа BLK
041 ## - Код за език
Код за езика на текст/звукозапис или на отделно заглавие Български
Код за езика КДБФ Български
080 ## - УДК
Текстов определител УДК Живопис
УДК код - определител по УДК 75
УДК определител (497.215)(062)
УДК - код + определител 75(497.215)(062)
139 ## - Редно поле
Авторски знак Юб - Ю 12
245 ## - Сведения за заглавието
Заглавие Юбилейна художествена изложба
Подзаглавни данни Димитър Хинков
Физически носител (вид на носителя) [Малотир. изд.]
257 ## - Страна на издаване
Страна на създаване/издаване България
260 ## - Област на издателските данни
Място на издаване, разпространение и проч. Русе
Име на издателя, разпространителя и проч. б. и.
Година на издаване 1971
9 (RLIN) 441842
300 ## - Физическа характеристика
Страници 1 л.
Илюстрации и др. с ил.
Размери/Мащаб 22х33 см, сгънато до 22х11 см
380 ## - Жанр
Жанр Изкуство
500 ## - Общи забележки
Забележка ОС за изкуство и култура - Русе-Съюз на българските художници.<br/>Откриване по случай 65-год., 20 февр. 1971г., Салон - Художествена галерия.
653 #7 - Ключова дума – ненормативна
9 (RLIN) 187384
Ключова дума изложби
653 #7 - Ключова дума – ненормативна
9 (RLIN) 186627
Ключова дума живопис
653 #7 - Ключова дума – ненормативна
9 (RLIN) 195873
Ключова дума русенски художници
852 ## - Местоположение
Форматна сигнатура К 7/Ю 12
Фондова буква Краезнание
856 4# - Електронен адрес и достъп
Електронен формат pdf - файл
856 4# - Електронен адрес и достъп
Електронен формат pdf - файл
999 ## - СИСТЕМНИ КОНТРОЛНИ НОМЕРА
Koha biblionumber 448279
Koha biblioitemnumber 448279
942 ## - АРТИКУЛИ
Вид на библиотечния материал Книги
Скрит в OPAC Не
Периодичен библиозапис Да
Koha issues (borrowed), all copies 1
944 ## - СЪЗДАВАНЕ И РЕДАКЦИЯ на ЗАПИСА
Създаване/Редакция Създаване
Дата на регистрацията/редакция 2022-03-10
Служител, извършил регистрацията/редакцията А.М.
999 ## - СИСТЕМНИ КОНТРОЛНИ НОМЕРА
Koha biblioitemnumber 448279
Наличности
Код за отписване Код за изгубен артикул Източник на класификационната схема Код за повреда Коз за рестрикции Код за отдаване Артикулен № Име на библиотеката - собственик Име на библиотеката, в която се намира в момента Статус (Текущо местоположение) Дата на вписване в системата Местоположение - отдел Цена в лева Систематично азбучна сигнатура Баркод Цена в евро Служебен тип на артикула
  Не е изгубен Universal Decimal Classification Не е повреден само за читалня ползва се в читалня 875593 Регионална библиотека "Любен Каравелов" Русе Регионална библиотека "Любен Каравелов" Русе Краезнание 2022-03-15 Краезнание 1.00 К 7/Ю 12 120000868316 0.51 Книги
Vip Innovations Ltd, Rousse, Bulgaria 2025